| 000 | 00506nam a2200181Ia 4500 | ||
|---|---|---|---|
| 005 | 20250326123640.0 | ||
| 008 | 250326s9999 xx 000 0 und d | ||
| 037 | _aTextbook | ||
| 040 |
_aFMSL _beng _cFMSL |
||
| 041 |
_aeng _2eng |
||
| 084 |
_aB32(X:8) K1 _qFMSL |
||
| 100 |
_aCabell R W _9735718 |
||
| 245 | 0 |
_aBasic operations research method _cCabell R W; Phillips A |
|
| 260 |
_aNY _bNY, John Willey _c1961 |
||
| 300 | _a110p | ||
| 942 |
_cTB _hB32(X:8) K1 |
||
| 999 |
_c1270325 _d1270325 |
||